000 00291nam a2200109Ia 4500
005 20251222154314.0
008 251222s9999||||xx |||||||||||||| ||spa||
082 _a918.46/V65
100 _a"Vila Valenti, J.Capel, Horacio"
245 0 _aCampo y ciudad en la geografía española
942 _cLIB
999 _c33519
_d33519